Penyakit bawaan nyamuk dan burung

Bibliographic Details
Main Author: mFakrul Nizam
Format: Book
Published: Selangor : Penerbitan Alam Ilmu , 2020
Series:Siri haiwan pembawa gejala dan penyakit
Subjects:

MARC

LEADER 00000cam a2200000 7i4500
001 0000278681
005 20200918165609.0
020 |a 9789670694917 
090 0 0 |a 614.56   |b FAK 
100 0 |a mFakrul Nizam 
245 1 0 |a Penyakit bawaan nyamuk dan burung   |c Fakrul Nizam 
260 |a Selangor :   |b Penerbitan Alam Ilmu ,   |c 2020 
300 |a 48p. :   |b photo,col. ;   |c 26cm. 
490 0 |a Siri haiwan pembawa gejala dan penyakit 
650 0 |a Animals as carriers of disease 
650 0 |a Birds as carriers of disease 
650 0 |a Mosquitoes as carriers of disease 
650 0 |a Zoonoses 
999 |a 00384671   |b BUKU   |c JUNIOR BOOKS   |e PERPUSTAKAAN KOMUNITI PETALING JAYA